| 000 -LEADER |
| fixed length control field |
00817nam a22002177a 4500 |
| 003 - CONTROL NUMBER IDENTIFIER |
| control field |
CISL |
| 005 - DATE AND TIME OF LATEST TRANSACTION |
| control field |
20241112010826.0 |
| 008 - FIXED-LENGTH DATA ELEMENTS--GENERAL INFORMATION |
| fixed length control field |
241112t2022 ii |||g |||| 00| e ben d |
| 020 ## - INTERNATIONAL STANDARD BOOK NUMBER |
| International Standard Book Number |
9788195244362 |
| 040 ## - CATALOGING SOURCE |
| Transcribing agency |
CISL |
| 082 ## - DEWEY DECIMAL CLASSIFICATION NUMBER |
| Classification number |
891.4409 |
| Edition number |
22 |
| Item number |
POA |
| 100 ## - MAIN ENTRY--PERSONAL NAME |
| Personal name |
পো, এডগার অ্যালান ; |
| Relator code |
Edgar Allan Poe |
| 245 ## - TITLE STATEMENT |
| Title |
এডগার অ্যালান পো রচনাসংগ্রহ - ২ / |
| Statement of responsibility, etc. |
এডগার অ্যালান পো |
| 260 ## - PUBLICATION, DISTRIBUTION, ETC. |
| Place of publication, distribution, etc. |
কলকাতা: |
| Name of publisher, distributor, etc. |
ফ্যানট্যাস্টিক ও কল্পবিশ্ব পাবলিকেশনস |
| Date of publication, distribution, etc. |
[c2022] |
| 300 ## - PHYSICAL DESCRIPTION |
| Extent |
440 p. : |
| Other physical details |
illus. |
| Dimensions |
24 cm. |
| 650 ## - SUBJECT ADDED ENTRY--TOPICAL TERM |
| General subdivision |
Bengali literature |
| 650 ## - SUBJECT ADDED ENTRY--TOPICAL TERM |
| General subdivision |
Essays |
| 650 ## - SUBJECT ADDED ENTRY--TOPICAL TERM |
| Geographic subdivision |
India |
| 700 ## - ADDED ENTRY--PERSONAL NAME |
| Relator code |
অদ্রীশ বর্ধন |
| 942 ## - ADDED ENTRY ELEMENTS (KOHA) |
| Source of classification or shelving scheme |
|
| Koha item type |
Books |